Statistics for Wimbledon Seeds - 10 Years Ago

Click here to take the quiz!

General Stats

  • This quiz has been taken 42 times
  • The average score is 18 of 33

Answer Stats

Seed #NationalityName% Correct
3United KingdomAndy Murray
100%
4SerbiaNovak Djokovic
100%
1SpainRafael Nadal
100%
2SwitzerlandRoger Federer
100%
6United StatesAndy Roddick
90%
5ArgentinaJuan Martín del Potro
90%
16SpainDavid Ferrer
88%
9FranceJo-Wilfried Tsonga
85%
19SwitzerlandStan Wawrinka
80%
11CroatiaMarin Čilić
75%
14RussiaMarat Safin
70%
13SwedenRobin Söderling
70%
20Czech RepublicTomáš Berdych
63%
24GermanyTommy Haas
63%
8FranceGilles Simon
58%
7SpainFernando Verdasco
55%
12RussiaNikolay Davydenko
55%
17United StatesJames Blake
48%
21SpainFeliciano López
45%
10ChileFernando González
43%
22CroatiaIvo Karlović
43%
28United StatesMardy Fish
43%
27GermanyPhilipp Kohlschreiber
43%
23Czech RepublicRadek Štěpánek
40%
30SerbiaViktor Troicki
38%
26AustriaJürgen Melzer
30%
15SpainTommy Robredo
30%
31RomaniaVictor Hănescu
23%
33GermanyNicolas Kiefer
18%
25RussiaDmitry Tursunov
15%
18GermanyRainer Schüttler
15%
29RussiaIgor Andreev
10%
32SpainAlbert Montañés
8%

Score Distribution

Percentile by Number Answered

Percent of People with Each Score

Your Score History

You have not taken this quiz